| 000 | 02923nas a2200349 i 4500 | ||
|---|---|---|---|
| 001 | 172605 | ||
| 003 | ES-MaACL | ||
| 005 | 20250928125813.0 | ||
| 007 | t| | ||
| 008 | 090727c1884 sp a| | 1 ||pa d | ||
| 080 | _a3 : 061.12(460) | ||
| 110 | 2 |
_aReal Academia de Ciencias Morales y Políticas (España) _9222050 |
|
| 245 | 1 | 0 |
_aDiscursos de recepción leídos en la Real Academia de Ciencias Morales y Políticas _g1875-1881. |
| 260 |
_aMadrid : _b[s. n.], _c1884 ( _fImp. y Fund. de Manuel Tello) |
||
| 300 |
_a1 v. ; _c26 cm. |
||
| 505 | 8 | _aContiene: T. II: Armonía de relaciones entre los intereses económicos, morales y políticos / José García Barzanallana (39 p.). Contestación / Juan Martín Carramolino (p. 41-54). Del divorcio / Cirilo Álvarez Martínez (p. 55-84). Contestación / Manuel Alonso Martínez (p. 85-109). La federación / Emilio Alcalá Galiano (p.111-194). Contestación / Manuel Alonso Martínez (p. 195-214). Influencia que en todos tiempos ha ejercido el derecho de propiedad y los fines importantes que hoy está llamada a cumplir / Benito Gutiérrez Fernández (p. 215-249). Contestación / Juan Martín Carramolino (p. 251-268). Oposición fundamental entre la civilización religioso-cristiana y la racionalista / José Moreno Nieto (p. 269-340). Contestación / Manuel Colmeiro (p. 341-350). Problemas relativos a las prisiones / Fernando Cos-Gayón (p. 351-394). Contestación / Manuel Alonso Martínez (p. 395-423). ¿Convendría para uniformar nuestra legislación, robustecer el poder paterno, mejorar la organización de la familia y hasta para dar solidez al derecho de propiedad, admitir y llevar a nuestras leyes el principio de la libertad de testar? / Juan de la Concha Castañeda (p. 425-456). Contestación / José García Barzanallana (p. 457-477). Expresión de las ideas económicas en la literatura / Mechor Salvá (p. 479-581). Contestación / Vicente de la Fuente (p. 583-594). La filosofía disidente... / Francisco Caminero (p. 595-670). Contestación / Vicente de la Fuente (p. 671-685). | |
| 700 | 1 |
_aGarcía Barzanallana, José, _d1819-1903 _954239 |
|
| 700 | 1 |
_aCos-Gayón, Fernando, _d1825-1898 _940977 |
|
| 700 | 1 |
_aMartín Carramolino, Juan, _d1805-1884 _977431 |
|
| 700 | 1 |
_aAlvarez Martínez, Cirilo, _d1808-1878 _920872 |
|
| 700 | 1 |
_aAlonso Martínez, Manuel, _d1827-1891 _920356 |
|
| 700 | 1 |
_aColmeiro, Manuel ( _d1818-1894) _939768 |
|
| 700 | 1 |
_aCasa de Valencia, Emilio Alcalá Galiano y Valencia, _cConde de, _d1831-1914 _919462 |
|
| 700 | 1 |
_aGutiérrez Fernández, Benito, _d1826-1885 _961147 |
|
| 700 | 1 |
_aMartín Carramolino, Juan, _d1805-1884 _977431 |
|
| 700 | 1 |
_aMoreno Nieto, José, _d1825-1882 _983416 |
|
| 700 | 1 |
_aConcha Castañeda, Juan de la. _940074 |
|
| 700 | 1 |
_aSalvá, Melchor, _d1834-1918 _9102056 |
|
| 700 | 1 |
_aFuente, Vicente de la, _d1817-1889 _952857 |
|
| 852 |
_aES-MaACL _jK-184 |
||
| 999 |
_c172605 _d172605 |
||